เปลี่ยนเป็นภาษาไทย

Change to English
 แสดงรายละเอียดบรรณานุกรม
  กลับหน้าหลัก

Brief Record : Get Marc (ISO 2709) : E-mail record : QR code กลับ
หนังสือการแพทย์ E-books หนังสือทั่วไป : เกี่ยวกับ Collections
LEADER 00000nam 2200000uu 4500
001    39256
003     ULIBM
008    020711s2564 th a 000 0 tha d
020    9786165773744
050    H62 ท467ว
100    ทิพย์สิริ กาญจนวาสี
245    วิธีวิทยาการวิจัย (Research methodology)/ทิพย์สิริ กาญจนวาสี
250    พิมพ์ครั้งที่ 3
260    กรุงเทพฯ :^bพิมพ์ทันใจ,^c2564
300    277 หน้า ;^c25 ซม.
650    Research Design
650    Data Collection--methods
650    Statistics as Topic
650    Scientific Method
650    วิจัย
999    ^aฐานิตา โสภะสุนทร
รายการนี้ยังไม่มีแท็ก
คุณยังไม่ได้ล็อกอิน คุณสามารถมีกิจกรรมร่วมกับเว็บไซต์ได้ แต่ต้องล็อกอินก่อน ::
  ล็อกอิน
ลำดับที่ ประเภท เลขเรียก/บาร์โค้ด สถานที่ สถานะ
1. หนังสือทั่วไป
หนังสือทั่วไป
H62 ท467ว 2564 ฉ.1 
  Barcode: 005408
KRPH Library On Shelf
  ขอยืม
2. หนังสือทั่วไป
หนังสือทั่วไป
H62 ท467ว 2564 ฉ.2 
  Barcode: 005409
KRPH Library On Shelf
  ขอยืม
   [แสดง 2/2 รายการ]

รายการใกล้เคียง
    หัวเรื่อง [Research Design]
    หัวเรื่อง [Scientific Method]
    หัวเรื่อง [วิจัย]

BibComment


ยังไม่เคยถูกคอมเมนท์

คอมเมนท์ทรัพยากรรายการนี้
  คอมเมนท์: วิธีวิทยาการวิจัย..
Bib 39256


 Union Library Management : ULibM
Copyright 2026. All Rights Reserved.